00000000nam##2200000za#4500
0019.590310
003CaOODSP
00520210624200050
007cr |||||||||||
008150406|2009||||xxc|||||o    f|0| 0 fre|d
022 |a1701-1280
040 |aCaOODSP|bfre
041 |aeng
041 |afre
043 |an-cn---
0861 |aFs70-4/2009-041-PDF
1101 |aCanada. |bMinistère des pêches et des océans.
24510|aCompte rendu de l'atelier de surveillance zonale des espèces aquatiques envahissantes : |h[ressource électronique]|b3 et 4 octobre 2006, Centre canadien des eaux intérieures, Burlington (Ontario) / |cPrésidents de réunion : Becky Cudmore et Scott Millard; Réviseurs scientifiques : Mary Burridge et Dave Marson.
260 |aBurlington - Ontario : |bPêches et Océans Canada |cMars 2010.
300 |a78p.|bcarte, références, tableaux
4901 |aSecrétariat canadien de consultation scientifique, série des comptes rendus|x1701-1280|v2009/041
590 |a14-20-Supp|b2014-11-25
791 |tProceedings for the zonal monitoring workshop on aquatic invasive species : |eeng|w(CaOODSP)9.590309
830#0|aCompte rendu (Secrétariat canadien de consultation scientifique)|x1701-1280|v2009/041|w(CaOODSP)9.500508
85640|ahttp://publications.gc.ca|qPDF|s364 Ko|uhttps://publications.gc.ca/collections/collection_2014/mpo-dfo/Fs70-4-2009-041.pdf|y2009/041